| 000 | 00804nam a22002537a 4500 | ||
|---|---|---|---|
| 001 | 470 | ||
| 005 | 20250814144516.0 | ||
| 020 | _a9780590453608 | ||
| 040 |
_aDLC _cDLC _dDLC _beng |
||
| 050 | 0 | 0 |
_aPZ7.B2848 _bDi 1989 |
| 082 | 0 | 0 |
_a567.9 _219 |
| 100 | 1 | _aBarton, Byron. | |
| 245 | 1 | 0 |
_aDinosaurs, dinosaurs / _cby Byron Barton. |
| 250 | _a1st ed. | ||
| 260 |
_aNew York : _bScholastic. _c1991. |
||
| 300 |
_a20 leaves of plates : _bcolor illustrations : _c23 x 27 cm. |
||
| 505 | _aH | ||
| 520 | _aIn prehistoric days there were many different kinds of dinosaurs, big and small, those with spikes and those with long, sharp teeth. | ||
| 521 |
_a520
_bLexile |
||
| 521 |
_aH
_bRaz-Plus |
||
| 650 | 1 |
_aDinosaurs _xFiction. |
|
| 906 |
_a7 _bcbc _corignew _d1 _eocip _f19 _gy-gencatlg |
||
| 942 |
_2ddc _cBK _n0 |
||
| 999 |
_c470 _d470 |
||